000 00932nam a2200217Ia 4500
001 Para_9951
008 220602s9999 xx 000 0 und d
090 _aPA CD - TESIS 37
100 _aGarcía Bautista, Uziel
_945763
245 _aEfecto de Lixiviados del ráquis de banano en el manejo de sigatoka negra (Mycosphaerella fijiensis Morelet), en Tuxtepec, Oaxaca, México / Uziel García Bautista & Abimelec Soto Sandoval; Director Luciano Martínez Bolaños
260 _aChapingo, Méx.: el autor
300 _a1 CD1CD ROM (65 p.)
502 _aTesis (Ing. Agr. Esp. en Parasitología Agrícola). UACh. Departamento Parasitología Agrícola
700 _aMartínez Bolaños, Luciano. Director
710 _aUACh. Departamento Parasitología AgrícolaÌ
_9185010
901 _aPA CD - TESIS 37
902 _aM
905 _a513220Noviembre, 2010 anm 8100000000 06
942 _c2
999 _c217252
_d217252